<?xml version="1.0" encoding="utf-8"?>
<?xml-stylesheet type='text/xsl' href='./oai2.xsl'?>
<OAI-PMH xmlns="http://www.openarchives.org/OAI/2.0/" xmlns:xsi="http://www.w3.org/2001/XMLSchema-instance" xsi:schemaLocation="http://www.openarchives.org/OAI/2.0/ http://www.openarchives.org/OAI/2.0/OAI-PMH.xsd">
  <responseDate>2026-05-17T19:55:47Z</responseDate>
  <request verb="GetRecord" metadataPrefix="marcxml" identifier="record_kuniweb_402500">https://kulturerbe.niedersachsen.de/oai</request>
  <GetRecord>
    <record>
      <header>
        <identifier>record_kuniweb_402500</identifier>
        <datestamp>2025-08-28T09:38:22Z</datestamp>
        <setSpec>slg0183</setSpec>
      </header>
      <metadata>
        <marc:record xmlns:marc="http://www.loc.gov/MARC21/slim" xsi:schemaLocation="http://www.loc.gov/MARC21/slim http://www.loc.gov/standards/marcxml/schema/MARC21slim.xsd">
          <marc:leader>12345nkm  22     uu 4500</marc:leader>
          <marc:controlfield tag="001">402500</marc:controlfield>
          <marc:controlfield tag="003">http://kuniweb.gbv.de</marc:controlfield>
          <marc:controlfield tag="005">2025-03-25T12:37:40</marc:controlfield>
          <marc:controlfield tag="008">|           ||||||||||||||||||||||</marc:controlfield>
          <marc:datafield tag="245" ind1="1" ind2="0">
            <marc:subfield code="a">Abendliche Berglandschaft</marc:subfield>
          </marc:datafield>
          <marc:datafield tag="720" ind1=" " ind2=" ">
            <marc:subfield code="a">Monogrammist AVE</marc:subfield>
          </marc:datafield>
          <marc:datafield tag="720" ind1=" " ind2=" ">
            <marc:subfield code="a">Adam Pynacker</marc:subfield>
          </marc:datafield>
          <marc:datafield tag="655" ind1=" " ind2="7">
            <marc:subfield code="a">Malerei</marc:subfield>
          </marc:datafield>
          <marc:datafield tag="046" ind1=" " ind2=" ">
            <marc:subfield code="k">1645</marc:subfield>
            <marc:subfield code="k">Mitte 17. Jahrhundert (Literatur)</marc:subfield>
            <marc:subfield code="l">1655</marc:subfield>
          </marc:datafield>
          <marc:datafield tag="260" ind1=" " ind2=" ">
            <marc:subfield code="g">1645</marc:subfield>
            <marc:subfield code="g">1655</marc:subfield>
            <marc:subfield code="g">Mitte 17. Jahrhundert (Literatur)</marc:subfield>
          </marc:datafield>
          <marc:datafield tag="300" ind1=" " ind2=" ">
            <marc:subfield code="a">Höhe: 87,5 cm
Breite: 69 cm
Tiefe: 1,8 cm (Spannrahmen)
Höhe: 113,2 cm (Rahmen)
Breite: 89,5 cm (Rahmen)
Tiefe: 9 cm (Rahmen)</marc:subfield>
          </marc:datafield>
          <marc:datafield tag="520" ind1=" " ind2=" ">
            <marc:subfield code="a">Hochrechteckige Darstellung einer südlichen abendlichen Berglandschaft: Im Vordergrund sind vier Männer neben einer Straße dargestellt, welche sich unterhalb eines hohen Felsens entlangzieht und nach einer einfachen Toranlage nach rechts um den Fels führt. Im Bereich der Kurve sind weitere Personen zu erkennen.
Links vom zentralen hohen Laubbaum fällt der Blick im  Mittelgrund wiederum auf die, nun etwas tiefer im Gelände verlaufende Straße mit zwei Reisenden (davon ein Reitender). Der Weg führt durch die felsige, spärlich mit Büschen bewachsene Landschaft mit einigen kleinen Häusern auf eine Stadt im Hintergrund zu. 
Der blaue Himmel mit wenigen Wolken ist in warmes abendliches Orange gefärbt. (Städtisches Museum Braunschweig)

Aufschrift:
Rückseite: "A. Piynacker geb. 1621-1673" (in blau), Rest von einem Klebezettel, weiterer Klebezettel HAUM: "Inv.Nr. 733 / Künstler: Pynacker (Umkreis) / Titel: Abendliche Berglandschaft / Maße: 87,5 x 69 cm". Auf der Leinwand: Stempel "Herzog-Anton-Ulrich // Museum, Braunschweig // 733". Mittelkreuz: in Blei "646" (Alt- Nr. des SMBS), historischer runder Stempel des SMBS (Ø 3,5 Zentimeter mit kreisförmiger Druckschrift). Unteres Rahmenholz: Reste eines Papierzettels mit Zahnkante und zwei Beistrichen (identisch mit Sammlungszettel Heydenreich wie 1200-1667-00, Celesti). Historischer Rückseitenschutz: in blau gestempelt "Herzog Anton Ulrich- // Museum, Braunschweig // 733".

Literatur in Zusammenhang:
D. Rollert, „Gottesfurcht und Lebenslust Die Sammlung holländischer und flämischer Gemälde auf Schloss Friedenstein Gotha“. Stiftung Schloss Friedenstein, Gotha, 2014. (S. 53-55, Nr. 13 (A. v. Eemont, Südliche Landschaft mit Reiter).)

Veröffentlicht in:
J. M. Nauhaus und J. Lange, „Die Gemäldesammlung des Städtischen Museums Braunschweig Vollständiges Bestandsverzeichnis und Verlustdokumentation“. Olms, Hildesheim; Zürich [u.a.], 2009. (S. 300, Nr. 830 (mit älterer Lit.).)</marc:subfield>
          </marc:datafield>
          <marc:datafield tag="500" ind1=" " ind2=" ">
            <marc:subfield code="a">Nachlass/Erbschaft/Vermächtnis

06.04.1938</marc:subfield>
          </marc:datafield>
          <marc:datafield tag="650" ind1="1" ind2=" ">
            <marc:subfield code="a">Landschaft</marc:subfield>
          </marc:datafield>
          <marc:datafield tag="650" ind1="1" ind2=" ">
            <marc:subfield code="a">Gemälde</marc:subfield>
          </marc:datafield>
          <marc:datafield tag="650" ind1="1" ind2=" ">
            <marc:subfield code="a">Malerei</marc:subfield>
          </marc:datafield>
          <marc:datafield tag="650" ind1="1" ind2=" ">
            <marc:subfield code="a">Malerei &gt; Gemälde</marc:subfield>
          </marc:datafield>
          <marc:datafield tag="650" ind1="1" ind2=" ">
            <marc:subfield code="a">Malerei</marc:subfield>
          </marc:datafield>
          <marc:datafield tag="773" ind1="0" ind2=" ">
            <marc:subfield code="t">Sammlung Malerei</marc:subfield>
          </marc:datafield>
          <marc:datafield tag="852" ind1=" " ind2=" ">
            <marc:subfield code="a">Städtisches Museum Braunschweig</marc:subfield>
          </marc:datafield>
          <marc:datafield tag="" ind1=" " ind2=" ">
            <marc:subfield code="a">Namensnennung - Nicht kommerziell - Keine Bearbeitungen 4.0 International (CC BY-NC-ND 4.0)</marc:subfield>
          </marc:datafield>
        </marc:record>
      </metadata>
    </record>
  </GetRecord>
</OAI-PMH>
